Kak Long

Bibliographic Details
Main Author: K.A Razhiyah
Corporate Author: Title
Format: Book
Published: Selangor : Hasrat Murni , 2004
Series:Siri novel keluarga bahagia
Subjects:

MARC

LEADER 00000cam a2200000 7i4500
001 0000000951
005 20151222.0
008 070703
020 |a 9830602117 
020 |a 983060215X(set) 
090 0 0 |a JF   |b PR MAL (36) 
100 0 |a K.A Razhiyah 
245 1 0 |a Kak Long   |c K.A Razhiyah 
260 |a Selangor :   |b Hasrat Murni ,   |c 2004 
440 |a Siri novel keluarga bahagia 
500 |a Children ages 7-9 years old (orange) 
650 0 |a Junior fiction   |x Malay   |x Languages 
650 0 |a Public relation 
710 0 |a Title 
999 |a 0000910951   |b Book   |c Teenagers   |e Cawangan Bandar Tenggara 
999 |a 0000916821   |b Book   |c Children Collection   |e Cawangan Bukit Gambir 
999 |a 0000916822   |b Book   |c Children Collection   |e Cawangan Bukit Gambir 
999 |a 0000916823   |b Book   |c Children Collection   |e Cawangan Bukit Gambir 
999 |a 0000930302   |b Book   |c Children Collection   |e Cawangan Tangkak 
999 |a 0000930303   |b Book   |c Children Collection   |e Cawangan Tangkak 
999 |a 0000956882   |b Book   |c Children Collection   |e Perbadanan Perpustakaan Awam Johor 
999 |a 0000956883   |b Book   |c Children Collection   |e Cawangan Pontian 
999 |a 0000956884   |b Book   |c Children Collection   |e Cawangan Bandar Tenggara 
999 |a 0000956885   |b Book   |c Children Collection   |e Cawangan Tmn. Ungku Tun Aminah 
999 |a 0000956886   |b Book   |c Children Collection   |e Perbadanan Perpustakaan Awam Johor